The development of the chlorinity salinity concept in oceanography

محفوظ في:
التفاصيل البيبلوغرافية
المؤلف الرئيسي: Wallace, William J (مؤلف)
التنسيق: كتاب
اللغة:الإنجليزية
منشور في: Amsterdam Elsevier 1974
سلاسل:Elsevier oceanography series, 7
الموضوعات:
الوسوم: إضافة وسم
لا توجد وسوم, كن أول من يضع وسما على هذه التسجيلة!

MARC

LEADER 00000nam a2200000 a 4500
001 UCV5140
003 CL-VaPUC
008 920729e19740000NE |||||||||||||||||eng|d
082 0 4 |a 551.4601  |b WAL  |2 21 
100 0 |a Wallace, William J  |e author  |9 299424 
245 1 4 |a The development of the chlorinity salinity concept in oceanography 
300 |a 227 p 
942 |c BK 
945 |d 19920729 00:00:00 
260 |a Amsterdam  |b Elsevier  |c 1974 
650 7 |a OCEANOGRAFIA QUIMICA  |2 CL-VaPUC  |9 299425 
650 0 |a Aguas marinas  |9 261166 
583 |a last modification  |c 19920729 00:00:00  |k Rodrigo Vera 
490 0 |a Elsevier oceanography series, 7 
999 |c 211731  |d 211729 
952 |0 0  |1 0  |2 ddc  |4 0  |6 551_460100000000000_WAL_1974  |7 0  |8 P  |9 191607  |a BIBCUR  |b BIBCUR  |c PAC  |d 2019-11-14  |i 2591502  |o 551.4601 WAL 1974  |p 2591502  |r 2023-01-23  |w 2019-11-14  |y BK  |k CIM 
952 |0 0  |1 0  |2 ddc  |4 0  |6 551_460100000000000_WAL_1974  |7 0  |8 P  |9 191608  |a BIBCUR  |b BIBCUR  |c PAC  |d 2019-11-14  |i 2591510  |o 551.4601 WAL 1974  |p 2591510  |r 2025-04-22  |w 2019-11-14  |y BK  |k CIM